Ouline sermons to children with numerous anecdotes. (Record no. 12258)

000 -LEADER
fixed length control field 00705nam a2200217 a 4500
001 - CONTROL NUMBER
control field :::00010060$&:&@@
003 - CONTROL NUMBER IDENTIFIER
control field OkBaRHE
005 - DATE AND TIME OF LATEST TRANSACTION
control field 20000607103355.0
008 - FIXED-LENGTH DATA ELEMENTS--GENERAL INFORMATION
fixed length control field j 000 0 eng u
040 ## - CATALOGING SOURCE
Transcribing agency
100 1# - MAIN ENTRY--PERSONAL NAME
Personal name Andrew, Alexander, et al.
245 10 - TITLE STATEMENT
Title Ouline sermons to children with numerous anecdotes.
260 ## - PUBLICATION, DISTRIBUTION, ETC. (IMPRINT)
Place of publication, distribution, etc New York, NY., :
Name of publisher, distributor, etc George H. Doran Co.
Date of publication, distribution, etc nd
300 ## - PHYSICAL DESCRIPTION
Extent 300 p. ;
Dimensions 19 cm.
650 ## - SUBJECT ADDED ENTRY--TOPICAL TERM
Topical term or geographic name as entry element Children's Sermons
General subdivision Outlines
700 ## - ADDED ENTRY--PERSONAL NAME
Personal name Arnot, William, Joint author.
700 ## - ADDED ENTRY--PERSONAL NAME
Personal name Bolton, James, Joint author.
700 ## - ADDED ENTRY--PERSONAL NAME
Personal name Stalker, James.
942 ## - ADDED ENTRY ELEMENTS (KOHA)
Source of classification or shelving scheme
Koha item type Books
Copies
Lost status Permanent Location Date last seen Price effective from Copy number Source of classification or shelving scheme Not for loan Shelving location Full call number Damaged status Barcode Koha item type Withdrawn status Date acquired
 RHEMA Bible Training College2010-04-142010-04-141  General StacksBV 4315 .A544 10060Books 2010-04-14